| 000 | 00937nam a2200229 i 4500 | ||
|---|---|---|---|
| 001 | bg | ||
| 100 | 1 | _aMICHNA, Waldemar | |
| 245 | 1 | 0 |
_aPolityka rozwoju rolnictwa i obszarów wiejskich oraz jej regionalizacja / _cWaldemar Michna. |
| 260 |
_aWarszawa : _bIERiGŻ, _c2001. |
||
| 300 |
_a79, [1] s. : _bwykr. ; _c24 cm. |
||
| 490 | 1 |
_aStudia i Monografie / Instytut Ekonomiki Rolnictwa i Gospodarki Żywnościowej, _x0239-7102 ; _v104 |
|
| 504 | _aBibliogr. | ||
| 650 | 9 |
_aRolnictwo _xpolityka _zPolska _yod 1989 r. |
|
| 650 | 9 |
_aRegionalizacja gospodarcza _xpolityka _zPolska _yod 1989 r. |
|
| 830 | 0 |
_aStudia i Monografie (Instytut Ekonomiki Rolnictwa i Gospodarki Żywnościowej) ; _v104 |
|
| 040 | _cBPK | ||
| 041 | 0 | _apl | |
| 080 | _a338.43:332.1](438) | ||
| 942 | _cKS | ||
| 008 | s pl f |000 0 pol | ||
| 999 |
_c35685 _d35685 |
||
| 856 |
_uhttp://koha.tu.koszalin.pl/cgi-bin/koha/opac-detail.pl?biblionumber=35685 _yKatalog online BPK |
||